[Event "SVK-ch U14"]
[Site "Liptovsky Mikulas"]
[Date "2007.04.25"]
[Round "6"]
[White "Skrabak, Jakub"]
[Black "Skotnicky, Simon"]
[Result "1-0"]
[WhiteElo "1613"]
[BlackElo "1468"]
[PlyCount "115"]
[EventDate "2007.04.22"]
[EventType "swiss"]
[EventRounds "9"]
[EventCountry "SVK"]
[SourceTitle "EXT 2008"]
[Source "ChessBase"]
[SourceDate "2007.11.25"]
[SourceVersion "1"]
[SourceVersionDate "2007.11.25"]
[SourceQuality "1"]

1. e4 e5 2. Nf3 Nc6 3. Bb5 a6 4. Ba4 Nf6 5. 0-0 Nxe4 6. d4 b5 7. Bb3 Na5 8. Bd5 Bb7 9. Bxb7 Nxb7 10. Re1 d5 11. Nxe5 Qd6 12. f3 Nf6 13. Ng6+ Kd7 14. Nxh8 Nd8 15. Bg5 h6 16. Bxf6 Qxf6 17. a3 g6 18. Nxf7 Nxf7 19. Nc3 c6 20. Re3 Nd6 21. Re1 Nf5 22. Ne2 Ne3 23. Qd3 Qg5 24. Ng3 Re8 25. Kf2 Nf5 26. Nxf5 gxf5 27. Rxe8 Kxe8 28. Qe3+ Qxe3+ 29. Kxe3 Kf7 30. a4 Ke6 31. axb5 axb5 32. Ra6 Kd6 33. Kf4 Bg7 34. c3 Bf6 35. Kxf5 Bg5 36. f4 Be7 37. Kg6 Bf8 38. f5 Kc7 39. Ra7+ Kd6 40. Rf7 Be7 41. Rxe7 Kxe7 42. f6+ Kf8 43. Kxh6 Kg8 44. g4 Kf8 45. g5 Kg8 46. Kg6 Kf8 47. Kh7 Kf7 48. g6+ Ke6 49. g7 Kf5 50. g8Q Ke4 51. Qe8+ Kd3 52. Qxc6 Kc2 53. Qxd5 Kd3 54. Qxb5+ Ke4 55. f7 Ke3 56. f8Q Ke4 57. Qff5+ Ke3 58. Qbd3# 1-0